00542nam a22001937a 450000500170000001000150001702000260003203500140005803700100007208200120008224500970009425000060019126000420019727000550023930000180029470000170031270000130032976000060034220250903120011.0 aENG-146571 c250.00a9789392151859 aEN-130103 bDBAD  a720.954 aTHE ARCHITECTURE OF KNOWLEDGEbExploring Epistemological theories and practicescMeenakshi R a1 aMadurai bfirst book publishingc2025 a82,anna main street, Jaihindpurambmaduraie625011 a120p.c22(pb) aR Meenakshi  aB Kannan b1